[Event "European Schools Girls U17 Championship 2024"]
[Site "Limerick IRL"]
[Date "2024.05.31"]
[Round "1.1"]
[White "Buyuk, Ecrin Efsa"]
[Black "Engel, Ecrin Tuana"]
[Result "1-0"]
[WhiteTitle "WCM"]
[WhiteElo "1891"]
[BlackElo "1576"]
[WhiteNationality "TUR"]
[BlackNationality "TUR"]
[WhiteFideId "44505175"]
[BlackFideId "44508115"]
[PlyCount "49"]
[FIDETournamentId "372859"]
[ICUTournamentId "2491"]
[ChessResultsKey "950022"]
[Venue "Main Building, University of Limerick"]
[EventDate "2024.05.31"]
[EventRounds "9"]
[WhiteFullName "B&uuml;y&uuml;k, Ecrin Efsa"]

{ Event information: <a
href="https://www.irlchess.com/europeanschools2024g17_allfiles/pairings_europeanschools2024g17.html">Tournament
report</a>. }

1. e4 c5 2. Nc3 e6 3. Nge2 a6 4. g3 e5 5. Bg2 Ne7 6. O-O g6 7. f4 Bg7 8.
fxe5 Bxe5 9. d3 O-O 10. Bg5 Nbc6 11. Nd5 Bxb2 12. Rb1 Bg7 13. Qd2 h5 14.
Bf6 Bxf6 15. Nxf6+ Kg7 16. Qc3 Kh6 17. g4 Qa5 18. g5+ Kxg5 19. Qxa5 Nxa5
20. Nh7+ Kh6 21. Nxf8 Kg7 22. Nh7 Kxh7 23. Rxf7+ Kg8 24. Rxe7 Nc6 25. Re8+
1-0

[Event "European Schools Girls U17 Championship 2024"]
[Site "Limerick IRL"]
[Date "2024.05.31"]
[Round "1.2"]
[White "Mustu, Hatice Asli"]
[Black "Putar, Lara"]
[Result "1-0"]
[WhiteElo "1925"]
[BlackElo "1983"]
[BlackICU "1936"]
[BlackClub "St. Benildus"]
[WhiteNationality "TUR"]
[BlackNationality "IRL"]
[WhiteFideId "34576843"]
[BlackFideId "14546604"]
[PlyCount "139"]
[FIDETournamentId "372859"]
[ICUTournamentId "2491"]
[ChessResultsKey "950022"]
[Venue "Main Building, University of Limerick"]
[EventDate "2024.05.31"]
[EventRounds "9"]
[WhiteFullName "Mu&scedil;tu, Hatice Asl&#305;"]

{ Event information: <a
href="https://www.irlchess.com/europeanschools2024g17_allfiles/pairings_europeanschools2024g17.html">Tournament
report</a>. }

1. d4 Nf6 2. c4 g6 3. Nc3 d5 4. Nf3 Bg7 5. Qb3 c6 6. cxd5 cxd5 7. Bg5 e6 8.
e3 O-O 9. Bd3 Nc6 10. O-O b6 11. Ne5 Na5 12. Qd1 Qd6 13. a3 a6 14. Bf4 Qe7
15. b4 Nb7 16. Nc6 Qe8 17. b5 axb5 18. Nb4 Bd7 19. h3 Ra5 20. Qb3 Qa8 21.
Nc2 Rc8 22. Ra2 Ne8 23. Nxb5 Bxb5 24. Bxb5 Ned6 25. Bd3 b5 26. Rfa1 Nc4 27.
a4 e5 28. Bg3 exd4 29. exd4 bxa4 30. Rxa4 Qa7 31. Bxc4 dxc4 32. Rxa5 cxb3
33. Rxa7 bxc2 34. Rc1 Bh6 35. f4 Nd6 36. Ra2 Nf5 37. Bf2 Bxf4 38. Raxc2 Rf8
39. Ra1 Kg7 40. g4 Ne3 41. Re2 Nd5 42. Ra5 Rd8 43. Rb2 Ne3 44. Rb3 Nd5 45.
Rb7 Nc7 46. Raa7 Rc8 47. Kg2 Kf6 48. Bg3 Bxg3 49. Kxg3 Nd5 50. Rxf7+ Ke6
51. Rxh7 Rc3+ 52. Kh4 Rc6 53. Kg5 Nf6 54. Rhg7 Kd5 55. Raf7 Ne4+ 56. Kh6
g5+ 57. Rg6 Rc8 58. Rd7+ Kc4 59. Re6 Kd3 60. Rde7 Nf2 61. Re2 Nd1 62. Kxg5
Rg8+ 63. Kf6 Rh8 64. d5 Nc3 65. R2e3+ Kd4 66. Rxc3 Kxc3 67. d6 Kd4 68. d7
Rh6+ 69. Kf7 Rd6 70. Ke8 1-0

[Event "European Schools Girls U17 Championship 2024"]
[Site "Limerick IRL"]
[Date "2024.06.01"]
[Round "2.1"]
[White "Engel, Ecrin Tuana"]
[Black "Toculet, Erika-Andreea"]
[Result "1/2-1/2"]
[WhiteElo "1576"]
[BlackElo "1461"]
[WhiteNationality "TUR"]
[BlackNationality "ROU"]
[WhiteFideId "44508115"]
[BlackFideId "1257218"]
[PlyCount "58"]
[FIDETournamentId "372859"]
[ICUTournamentId "2491"]
[ChessResultsKey "950022"]
[Venue "Main Building, University of Limerick"]
[EventDate "2024.05.31"]
[EventRounds "9"]
[BlackFullName "Tocule&#539;, Erika-Andreea"]

{ Event information: <a
href="https://www.irlchess.com/europeanschools2024g17_allfiles/pairings_europeanschools2024g17.html">Tournament
report</a>. }

1. Nf3 d5 2. g3 e6 3. Bg2 c6 4. O-O f5 5. d4 Nf6 6. c3 Be7 7. Bf4 O-O 8.
Nbd2 Ne4 9. Nxe4 fxe4 10. Ne5 Nd7 11. Qb3 Nxe5 12. Bxe5 b6 13. Qa4 b5 14.
Qc2 Bd6 15. Bxd6 Qxd6 16. a4 Bd7 17. f4 a5 18. Rfb1 b4 19. e3 c5 20. Qd2 c4
21. Bf1 b3 22. Bh3 Qe7 23. Ra3 Qe8 24. Qe2 Rf6 25. Bg4 Qf7 26. Bh5 g6 27.
Bg4 Qf8 28. Qg2 Qf7 29. Qe2 Qf8 1/2-1/2

[Event "European Schools Girls U17 Championship 2024"]
[Site "Limerick IRL"]
[Date "2024.06.01"]
[Round "2.2"]
[White "Fileru, Maria"]
[Black "Dumitrache, Elisa-Andreea"]
[Result "0-1"]
[WhiteElo "1837"]
[BlackElo "1692"]
[WhiteNationality "ROU"]
[BlackNationality "ROU"]
[WhiteFideId "1259300"]
[BlackFideId "1273264"]
[PlyCount "106"]
[FIDETournamentId "372859"]
[ICUTournamentId "2491"]
[ChessResultsKey "950022"]
[Venue "Main Building, University of Limerick"]
[EventDate "2024.05.31"]
[EventRounds "9"]

{ Event information: <a
href="https://www.irlchess.com/europeanschools2024g17_allfiles/pairings_europeanschools2024g17.html">Tournament
report</a>. }

1. d4 d5 2. c4 c6 3. cxd5 cxd5 4. Nc3 e6 5. Bf4 Bd6 6. Bxd6 Qxd6 7. e3 Nc6
8. f4 Nge7 9. Nf3 O-O 10. Bd3 h6 11. O-O f6 12. Nb5 Qb8 13. Nh4 Bd7 14. Qh5
Nb4 15. Ng6 Nxg6 16. Qxg6 Nxd3 17. Qxd3 a6 18. Nc3 b5 19. b4 Qd6 20. a3
Rac8 21. Rac1 Rc4 22. Ne2 Rfc8 23. Rxc4 dxc4 24. Qc2 f5 25. Nc3 Bc6 26. h3
Rf8 27. Rf2 Rf6 28. Qd1 Rg6 29. Qh5 Be8 30. Qf3 Bc6 31. Qh5 Kh7 32. Rd2 Qd8
33. d5 Qb6 34. Rd4 Be8 35. Qd1 Qb7 36. Qc2 Bd7 37. Qd2 exd5 38. Nxd5 Bc6
39. Qd1 Qa7 40. Qf3 Rd6 41. Qd1 Rxd5 42. Rxd5 Bxd5 43. Qxd5 Qxe3+ 44. Kh1
Qxf4 45. Qd1 c3 46. Qc2 Qe5 47. Qb1 Qe4 48. Qb3 c2 49. Qb2 Qe1+ 50. Kh2
c1=Q 51. Qd4 Qh1+ 52. Kg3 Qce1+ 53. Kf4 Qhf1+ 0-1

[Event "European Schools Girls U17 Championship 2024"]
[Site "Limerick IRL"]
[Date "2024.06.01"]
[Round "2.3"]
[White "Krzysztynska, Maria"]
[Black "Souralova, Jana"]
[Result "1-0"]
[WhiteElo "1481"]
[BlackElo "1557"]
[WhiteNationality "POL"]
[BlackNationality "CZE"]
[WhiteFideId "21858705"]
[BlackFideId "23710586"]
[PlyCount "61"]
[FIDETournamentId "372859"]
[ICUTournamentId "2491"]
[ChessResultsKey "950022"]
[Venue "Main Building, University of Limerick"]
[EventDate "2024.05.31"]
[EventRounds "9"]
[BlackFullName "Souralov&aacute;, Jana"]

{ Event information: <a
href="https://www.irlchess.com/europeanschools2024g17_allfiles/pairings_europeanschools2024g17.html">Tournament
report</a>. }

1. c4 e6 2. d4 d5 3. Nc3 Nf6 4. Nf3 Be7 5. Bf4 c6 6. e3 O-O 7. Bd3 Nbd7 8.
Qc2 dxc4 9. Bxc4 Nb6 10. Bd3 h6 11. e4 Bd7 12. Qd2 Rc8 13. e5 Nfd5 14. Bxh6
f5 15. Bg5 Bxg5 16. Nxg5 Qe8 17. h4 Qh5 18. Be2 Qh6 19. O-O-O c5 20. Kb1 a6
21. g4 cxd4 22. Qxd4 Nxc3+ 23. bxc3 Nd5 24. c4 Ba4 25. cxd5 Bxd1 26. Rxd1
Qxh4 27. Nxe6 Rf7 28. d6 Rd7 29. Nc7 Rcd8 30. Bc4+ Kh8 31. Qd5 1-0

[Event "European Schools Girls U17 Championship 2024"]
[Site "Limerick IRL"]
[Date "2024.06.01"]
[Round "2.5"]
[White "Buyuk, Ecrin Efsa"]
[Black "Mustu, Hatice Asli"]
[Result "1-0"]
[WhiteTitle "WCM"]
[WhiteElo "1891"]
[BlackElo "1925"]
[WhiteNationality "TUR"]
[BlackNationality "TUR"]
[WhiteFideId "44505175"]
[BlackFideId "34576843"]
[PlyCount "97"]
[FIDETournamentId "372859"]
[ICUTournamentId "2491"]
[ChessResultsKey "950022"]
[Venue "Main Building, University of Limerick"]
[EventDate "2024.05.31"]
[EventRounds "9"]
[WhiteFullName "B&uuml;y&uuml;k, Ecrin Efsa"]
[BlackFullName "Mu&scedil;tu, Hatice Asl&#305;"]

{ Event information: <a
href="https://www.irlchess.com/europeanschools2024g17_allfiles/pairings_europeanschools2024g17.html">Tournament
report</a>. }

1. e4 c5 2. Nf3 Nc6 3. d4 cxd4 4. Nxd4 Nf6 5. Nc3 e5 6. Ndb5 d6 7. Nd5 Nxd5
8. exd5 Nb8 9. c4 Be7 10. Bd3 O-O 11. O-O a6 12. Nc3 f5 13. f3 Nd7 14. Kh1
b6 15. Be3 Bg5 16. Bg1 Bb7 17. b4 Rc8 18. Qb3 Kh8 19. Rab1 Qc7 20. Na4 Ba8
21. Rb2 Qb7 22. Rc2 Rf6 23. Rd1 Rd8 24. Qb1 g6 25. Qa1 Qb8 26. Be2 Rf7 27.
a3 Rc8 28. c5 dxc5 29. Bxa6 Rd8 30. bxc5 Nxc5 31. Nxc5 bxc5 32. Rxc5 Qd6
33. Bb5 Bf6 34. Qc3 e4 35. Bd4 exf3 36. gxf3 Bxd4 37. Qxd4+ Kg8 38. Qc3 Bb7
39. Qc4 Re7 40. a4 Re3 41. Bc6 Ba6 42. Bb5 Bxb5 43. axb5 Rxf3 44. Rc6 Qe5
45. d6+ Kh8 46. d7 Rf2 47. Qd4 Rxh2+ 48. Kg1 Qxd4+ 49. Rxd4 1-0

[Event "European Schools Girls U17 Championship 2024"]
[Site "Limerick IRL"]
[Date "2024.06.02"]
[Round "3.1"]
[White "Mustu, Hatice Asli"]
[Black "Engel, Ecrin Tuana"]
[Result "1-0"]
[WhiteElo "1925"]
[BlackElo "1576"]
[WhiteNationality "TUR"]
[BlackNationality "TUR"]
[WhiteFideId "34576843"]
[BlackFideId "44508115"]
[PlyCount "83"]
[FIDETournamentId "372859"]
[ICUTournamentId "2491"]
[ChessResultsKey "950022"]
[Venue "Main Building, University of Limerick"]
[EventDate "2024.05.31"]
[EventRounds "9"]
[WhiteFullName "Mu&scedil;tu, Hatice Asl&#305;"]

{ Event information: <a
href="https://www.irlchess.com/europeanschools2024g17_allfiles/pairings_europeanschools2024g17.html">Tournament
report</a>. }

1. d4 Nf6 2. c4 g6 3. Nc3 Bg7 4. e4 d6 5. Nf3 O-O 6. Be2 e5 7. Be3 Ng4 8.
Bg5 f6 9. Bc1 c6 10. O-O a5 11. h3 Nh6 12. Be3 Nd7 13. Qd2 Nf7 14. dxe5
dxe5 15. Bd3 Qc7 16. Rad1 Nd8 17. Nh4 Ne6 18. Na4 c5 19. Nc3 Nd4 20. Nd5
Qd6 21. Kh1 Nb8 22. Bxd4 exd4 23. f4 Nc6 24. g4 Nb4 25. a3 Nxd5 26. cxd5 b6
27. Qe2 Bb7 28. Rde1 Rae8 29. Qh2 Re7 30. b3 Rfe8 31. Qg3 Ra8 32. a4 Bh6
33. Ng2 Ba6 34. e5 fxe5 35. fxe5 Qxd5 36. Be4 Qd8 37. Rf6 Bb7 38. Bxb7 Rxb7
39. Qf3 Raa7 40. Rf1 Bg7 41. Rd6 Qe8 42. Qd5+ 1-0

[Event "European Schools Girls U17 Championship 2024"]
[Site "Limerick IRL"]
[Date "2024.06.02"]
[Round "3.3"]
[White "Souralova, Jana"]
[Black "Putar, Lara"]
[Result "0-1"]
[WhiteElo "1557"]
[BlackElo "1983"]
[BlackICU "1936"]
[BlackClub "St. Benildus"]
[WhiteNationality "CZE"]
[BlackNationality "IRL"]
[WhiteFideId "23710586"]
[BlackFideId "14546604"]
[PlyCount "58"]
[FIDETournamentId "372859"]
[ICUTournamentId "2491"]
[ChessResultsKey "950022"]
[Venue "Main Building, University of Limerick"]
[EventDate "2024.05.31"]
[EventRounds "9"]
[WhiteFullName "Souralov&aacute;, Jana"]

{ Event information: <a
href="https://www.irlchess.com/europeanschools2024g17_allfiles/pairings_europeanschools2024g17.html">Tournament
report</a>. }

1. e4 e6 2. d4 d5 3. Nc3 Bb4 4. exd5 exd5 5. Bd3 Nc6 6. Ne2 Bg4 7. O-O Nge7
8. f3 Bf5 9. Bf4 Bd6 10. Bb5 O-O 11. Qd2 a6 12. Ba4 Na5 13. Bb3 Nxb3 14.
axb3 c5 15. Bxd6 Qxd6 16. Ra5 b6 17. dxc5 bxc5 18. Rfa1 Rfd8 19. Ng3 Be6
20. Qe2 c4 21. bxc4 dxc4 22. Nge4 Qb6+ 23. Nc5 Nc6 24. Rxa6 Rxa6 25. Rxa6
Qxc5+ 26. Kh1 Nd4 27. Qe3 Qc8 28. Ra5 Nxc2 29. Qe4 Nd4 0-1

[Event "European Schools Girls U17 Championship 2024"]
[Site "Limerick IRL"]
[Date "2024.06.02"]
[Round "3.4"]
[White "Dumitrache, Elisa-Andreea"]
[Black "Krzysztynska, Maria"]
[Result "0-1"]
[WhiteElo "1692"]
[BlackElo "1481"]
[WhiteNationality "ROU"]
[BlackNationality "POL"]
[WhiteFideId "1273264"]
[BlackFideId "21858705"]
[PlyCount "66"]
[FIDETournamentId "372859"]
[ICUTournamentId "2491"]
[ChessResultsKey "950022"]
[Venue "Main Building, University of Limerick"]
[EventDate "2024.05.31"]
[EventRounds "9"]

{ Event information: <a
href="https://www.irlchess.com/europeanschools2024g17_allfiles/pairings_europeanschools2024g17.html">Tournament
report</a>. }

1. e4 e5 2. Nc3 Nc6 3. f4 d6 4. Nf3 Be7 5. Bb5 exf4 6. d4 Bh4+ 7. Kf1 a6 8.
Bxc6+ bxc6 9. Bxf4 g5 10. Nxh4 Qf6 11. Qf3 gxf4 12. e5 dxe5 13. dxe5 Qh6
14. Qf2 Ne7 15. Nf3 Rg8 16. Ne4 Nd5 17. Nf6+ Nxf6 18. exf6 Qxf6 19. Re1+
Be6 20. Qc5 O-O-O 21. Qxc6 Qxb2 22. Qxa6+ Kd7 23. Ne5+ Ke8 24. Qc6+ Kf8 25.
Qc5+ Kg7 26. Nd3 Qf6 27. Qxc7 f3 28. Qg3+ Kh8 29. Qxf3 Qg7 30. Nf4 Bc4+ 31.
Kg1 Qd4+ 32. Qe3 Qxe3+ 33. Rxe3 Rd1+ 0-1

[Event "European Schools Girls U17 Championship 2024"]
[Site "Limerick IRL"]
[Date "2024.06.02"]
[Round "3.5"]
[White "Toculet, Erika-Andreea"]
[Black "Fileru, Maria"]
[Result "0-1"]
[WhiteElo "1461"]
[BlackElo "1837"]
[WhiteNationality "ROU"]
[BlackNationality "ROU"]
[WhiteFideId "1257218"]
[BlackFideId "1259300"]
[PlyCount "150"]
[FIDETournamentId "372859"]
[ICUTournamentId "2491"]
[ChessResultsKey "950022"]
[Venue "Main Building, University of Limerick"]
[EventDate "2024.05.31"]
[EventRounds "9"]
[WhiteFullName "Tocule&#539;, Erika-Andreea"]

{ Event information: <a
href="https://www.irlchess.com/europeanschools2024g17_allfiles/pairings_europeanschools2024g17.html">Tournament
report</a>. }

1. e4 e5 2. Nf3 Nc6 3. d4 exd4 4. Bc4 Bc5 5. c3 Nf6 6. e5 d5 7. O-O dxc4 8.
exf6 Qxf6 9. Bg5 Qg6 10. cxd4 Nxd4 11. Nxd4 Qxg5 12. Re1+ Kf8 13. Nf3 Qf6
14. Nc3 Be6 15. Ne4 Qe7 16. Nfg5 Bd6 17. Nxe6+ Qxe6 18. Nc5 Qh6 19. Nd7+
Kg8 20. g3 Qh3 21. Ne5 Qe6 22. Nc6 Qf6 23. Nd4 Rd8 24. Qg4 h5 25. Qe4 g6
26. Nb5 Bc5 27. Re2 c6 28. Nc3 Rd4 29. Qc2 Kh7 30. Ne4 Qf5 31. h4 Be7 32.
Rae1 Qd7 33. Nc3 Bf6 34. Ne4 Be7 35. Nc3 Bf6 36. Ne4 Qf5 37. Nxf6+ Qxf6 38.
Re5 Kg7 39. Rc5 b5 40. b3 cxb3 41. axb3 Rd6 42. Rc1 Rc8 43. Rxb5 cxb5 44.
Qxc8 Qb2 45. Qc3+ Qxc3 46. Rxc3 b4 47. Re3 a5 48. Kf1 Ra6 49. Ke2 a4 50.
bxa4 Rxa4 51. Rb3 Ra2+ 52. Ke1 Ra4 53. Ke2 Kf6 54. Rf3+ Ke6 55. Rf4 Ra2+
56. Kd1 b3 57. Kc1 f6 58. Rf3 Rc2+ 59. Kb1 Re2 60. Kc1 b2+ 61. Kb1 Ke5 62.
Rf4 Re4 63. Rf3 Rb4 64. Re3+ Kf5 65. f3 g5 66. hxg5 fxg5 67. Re2 h4 68.
gxh4 gxh4 69. Rg2 h3 70. Rh2 Rh4 71. Kxb2 Kf4 72. Kc2 Kg3 73. Rh1 Kg2 74.
Rd1 h2 75. Rd2+ Kg3 0-1

[Event "European Schools Girls U17 Championship 2024"]
[Site "Limerick IRL"]
[Date "2024.06.03"]
[Round "4.1"]
[White "Engel, Ecrin Tuana"]
[Black "Fileru, Maria"]
[Result "0-1"]
[WhiteElo "1576"]
[BlackElo "1837"]
[WhiteNationality "TUR"]
[BlackNationality "ROU"]
[WhiteFideId "44508115"]
[BlackFideId "1259300"]
[PlyCount "86"]
[FIDETournamentId "372859"]
[ICUTournamentId "2491"]
[ChessResultsKey "950022"]
[Venue "Main Building, University of Limerick"]
[EventDate "2024.05.31"]
[EventRounds "9"]

{ Event information: <a
href="https://www.irlchess.com/europeanschools2024g17_allfiles/pairings_europeanschools2024g17.html">Tournament
report</a>. }

1. e4 e5 2. Nf3 Nc6 3. Bc4 Bc5 4. c3 Nf6 5. d4 exd4 6. b4 Bb6 7. e5 d5 8.
exf6 dxc4 9. Qe2+ Be6 10. b5 Na5 11. fxg7 Rg8 12. Nxd4 Bxd4 13. cxd4 Rxg7
14. Bb2 Qd5 15. f3 O-O-O 16. Nc3 Qd7 17. O-O-O Bf5 18. g4 Bd3 19. Qe5 Rg6
20. d5 Re8 21. Qf4 a6 22. bxa6 Rxa6 23. Rhe1 b5 24. Rxe8+ Qxe8 25. Ne4 Nb7
26. Qf5+ Kb8 27. Qxh7 Rxa2 28. Qg7 Na5 29. Kd2 Bxe4 30. Re1 b4 31. Rxe4 c3+
32. Ke3 Nc4+ 33. Kf4 Qb5 34. Qf8+ Ka7 35. Bc1 Nd6 36. Re7 Qc4+ 37. Kg3 Kb7
38. Bf4 Qxd5 39. Re5 Qc6 40. Be3 c2 41. Re7 c1=Q 42. Bxc1 Qxc1 43. h4 b3
0-1

[Event "European Schools Girls U17 Championship 2024"]
[Site "Limerick IRL"]
[Date "2024.06.03"]
[Round "4.2"]
[White "Krzysztynska, Maria"]
[Black "Toculet, Erika-Andreea"]
[Result "1-0"]
[WhiteElo "1481"]
[BlackElo "1461"]
[WhiteNationality "POL"]
[BlackNationality "ROU"]
[WhiteFideId "21858705"]
[BlackFideId "1257218"]
[PlyCount "87"]
[FIDETournamentId "372859"]
[ICUTournamentId "2491"]
[ChessResultsKey "950022"]
[Venue "Main Building, University of Limerick"]
[EventDate "2024.05.31"]
[EventRounds "9"]
[BlackFullName "Tocule&#539;, Erika-Andreea"]

{ Event information: <a
href="https://www.irlchess.com/europeanschools2024g17_allfiles/pairings_europeanschools2024g17.html">Tournament
report</a>. }

1. e4 Nc6 2. d4 e5 3. d5 Nce7 4. Bg5 f6 5. Be3 Ng6 6. Qh5 c6 7. Bc4 cxd5 8.
Bxd5 Qc7 9. Nc3 Bb4 10. Ne2 Ne7 11. Bb3 b6 12. O-O Ba6 13. Rfd1 Bc4 14. Ba4
Rd8 15. a3 Bxe2 16. Nxe2 Bc5 17. Bd2 b5 18. Bb3 Qb6 19. Rf1 Nc6 20. c3 a5
21. Ng3 Kf8 22. Nf5 Nce7 23. Nxg7 d5 24. Bh6 Kf7 25. Rad1 Rhg8 26. Nf5 Ke8
27. Nxe7 Bxe7 28. Bxd5 Rxd5 29. Rxd5 Qe6 30. Rxb5 Bd8 31. Rd5 Ke7 32. Be3
Rg7 33. Bc5+ Ke8 34. Rfd1 Bc7 35. Bd6 Bb6 36. c4 Bd4 37. c5 Rf7 38. g3 f5
39. Qe2 fxe4 40. Qb5+ Rd7 41. c6 Rxd6 42. Rxd6 Qxd6 43. c7+ Kf7 44. Qb3+
1-0

[Event "European Schools Girls U17 Championship 2024"]
[Site "Limerick IRL"]
[Date "2024.06.03"]
[Round "4.3"]
[White "Putar, Lara"]
[Black "Dumitrache, Elisa-Andreea"]
[Result "1-0"]
[WhiteElo "1983"]
[BlackElo "1692"]
[WhiteICU "1936"]
[WhiteClub "St. Benildus"]
[WhiteNationality "IRL"]
[BlackNationality "ROU"]
[WhiteFideId "14546604"]
[BlackFideId "1273264"]
[PlyCount "87"]
[FIDETournamentId "372859"]
[ICUTournamentId "2491"]
[ChessResultsKey "950022"]
[Venue "Main Building, University of Limerick"]
[EventDate "2024.05.31"]
[EventRounds "9"]

{ Event information: <a
href="https://www.irlchess.com/europeanschools2024g17_allfiles/pairings_europeanschools2024g17.html">Tournament
report</a>. }

1. d4 d5 2. c4 c6 3. Nf3 Nf6 4. Nc3 e6 5. Bg5 Nbd7 6. e3 Bb4 7. Qc2 Qa5 8.
Nd2 dxc4 9. Bxf6 Nxf6 10. Nxc4 Qd8 11. a3 Bd6 12. e4 Bc7 13. e5 Nd5 14. Ne4
O-O 15. h4 f5 16. Ng5 Nb6 17. Rd1 h6 18. Nf3 Bd7 19. Bd3 Be8 20. h5 Qd7 21.
Na5 Rb8 22. Nb3 Nd5 23. Nc5 Qe7 24. g3 Bb6 25. Nb3 Bd7 26. Ke2 Rbc8 27. Rc1
Be8 28. Rh4 Bf7 29. Nbd2 c5 30. dxc5 Rxc5 31. Nc4 Rfc8 32. b4 R5c6 33. Qd2
Bd8 34. Nd4 Qe8 35. Nxc6 Bxh5+ 36. Kf1 Rxc6 37. Rh2 b5 38. Nd6 Rxc1+ 39.
Qxc1 Qg6 40. Qc8 Qg5 41. Qxe6+ Kh8 42. Qxd5 Qc1+ 43. Kg2 Bg4 44. Nf7+ 1-0

[Event "European Schools Girls U17 Championship 2024"]
[Site "Limerick IRL"]
[Date "2024.06.03"]
[Round "4.4"]
[White "Buyuk, Ecrin Efsa"]
[Black "Souralova, Jana"]
[Result "0-1"]
[WhiteTitle "WCM"]
[WhiteElo "1891"]
[BlackElo "1557"]
[WhiteNationality "TUR"]
[BlackNationality "CZE"]
[WhiteFideId "44505175"]
[BlackFideId "23710586"]
[PlyCount "80"]
[FIDETournamentId "372859"]
[ICUTournamentId "2491"]
[ChessResultsKey "950022"]
[Venue "Main Building, University of Limerick"]
[EventDate "2024.05.31"]
[EventRounds "9"]
[WhiteFullName "B&uuml;y&uuml;k, Ecrin Efsa"]
[BlackFullName "Souralov&aacute;, Jana"]

{ Event information: <a
href="https://www.irlchess.com/europeanschools2024g17_allfiles/pairings_europeanschools2024g17.html">Tournament
report</a>. }

1. e4 e5 2. Nf3 Nc6 3. Bc4 Nf6 4. d3 Bc5 5. Nc3 d6 6. Na4 Bb6 7. a3 Be6 8.
Bxe6 fxe6 9. O-O O-O 10. b4 Qd7 11. c4 Nd4 12. Nd2 Rad8 13. c5 dxc5 14.
bxc5 Ba5 15. Nc4 Nc6 16. Nab2 b6 17. Be3 Bc3 18. cxb6 cxb6 19. Rc1 Bd4 20.
Qb3 Rc8 21. Nd1 Rfd8 22. Nc3 Ng4 23. h3 Nxe3 24. fxe3 Bc5 25. Rcd1 Qe7 26.
Kh1 Rf8 27. Rxf8+ Rxf8 28. Na4 Rc8 29. Qb2 Bd6 30. d4 exd4 31. exd4 e5 32.
Qb3 Kh8 33. dxe5 Bxe5 34. Nxe5 Nxe5 35. Nc3 Nc4 36. a4 h6 37. Rf1 Nd2 38.
Nd5 Qxe4 39. Nc3 Qe5 40. Rd1 Nxb3 0-1

[Event "European Schools Girls U17 Championship 2024"]
[Site "Limerick IRL"]
[Date "2024.06.03"]
[Round "5.2"]
[White "Souralova, Jana"]
[Black "Mustu, Hatice Asli"]
[Result "0-1"]
[WhiteElo "1557"]
[BlackElo "1925"]
[WhiteNationality "CZE"]
[BlackNationality "TUR"]
[WhiteFideId "23710586"]
[BlackFideId "34576843"]
[PlyCount "82"]
[FIDETournamentId "372859"]
[ICUTournamentId "2491"]
[ChessResultsKey "950022"]
[Venue "Main Building, University of Limerick"]
[EventDate "2024.05.31"]
[EventRounds "9"]
[WhiteFullName "Souralov&aacute;, Jana"]
[BlackFullName "Mu&scedil;tu, Hatice Asl&#305;"]

{ Event information: <a
href="https://www.irlchess.com/europeanschools2024g17_allfiles/pairings_europeanschools2024g17.html">Tournament
report</a>. }

1. e4 c5 2. Nf3 e6 3. d4 cxd4 4. Nxd4 a6 5. Nc3 Qc7 6. a3 b5 7. Be2 Bb7 8.
Bf3 d6 9. O-O Nf6 10. Re1 Nbd7 11. Be3 Be7 12. Qd2 Ne5 13. Qe2 O-O 14. Rad1
Nc4 15. Bc1 Rfe8 16. b3 Nxa3 17. Bxa3 Qxc3 18. Rd3 Qc7 19. Bb2 Rac8 20. Rc1
Qb6 21. e5 dxe5 22. Qxe5 Rc5 23. Qg3 Bxf3 24. Nxf3 Nh5 25. Qg4 Bf6 26. c3
g6 27. Rcd1 Rec8 28. Nd4 a5 29. Qf3 Bg7 30. Ne2 Rf5 31. Qe3 Qb8 32. g4 Re5
33. Qf3 Rxe2 34. Qxe2 Nf4 35. Qe3 Nxd3 36. Rxd3 Qe5 37. Qd2 Bf6 38. h3 b4
39. Re3 Qd5 40. Qc2 bxc3 41. Bxc3 Qc5 0-1